| 000 | 00552nam a22001697a 4500 | ||
|---|---|---|---|
| 003 | BD-DhUL | ||
| 005 | 20160830100001.0 | ||
| 008 | 160830b xxu||||| |||| 00| 0 eng d | ||
| 040 | _cBD-DhUL | ||
| 082 |
_a922 _bABN |
||
| 100 | _aসোবাহান, আবদুস্ | ||
| 245 |
_aনবী কাহিনী / _cসোবাহান, আবদুস্ |
||
| 260 |
_aঢাকা : _bসোবাহান, _c১৯৭৮. |
||
| 300 |
_a১৩৩ পৃ. ; _c২২ সেমি. |
||
| 650 |
_aইতিহাস _vHistory |
||
| 942 |
_2ddc _cBK |
||
| 999 |
_c102688 _d102688 |
||